000
00311 a2200157 4500
001
177650
020
_a
040
_c
Magnum
100
_a
Cortes,gustavo
240
1
0
_a
Danca brasil
_l
por
245
1
0
_a
Danca brasil
362
0
_a
1899
440
1
_a
Leitura
697
_a
MAGNITO: J/FOLCLORE
942
_c
BK
999
_c
177650
_d
177650